00000000nam##2200000za#4500
0019.688189
003CaOODSP
00520210921095716
007cr |||||||||||
008150407|2006||||xxc|||||o    f|0| 0 eng|d
020 |a0-662-42874-9
040 |aCaOODSP|beng
043 |an-cn---
0861 |aIu23-12/2006E-PDF
1101 |aCanada. |bOffice of Consumer Affairs.
24510|aCorporate social responsibility : |h[electronic resource]|ban implementation guide for Canadian business
260 |aOttawa - Ontario : |bIndustry Canada. |c2006.
300 |a98p.|bfig., tables
5203 |aThis guide is a primer on corporate social responsibility. It contains information on how to assess the effects of business activities on others; develop and implement a corporate social responsibility strategy and commitments; measure, evaluate, and report on performance; and engage with stakeholders. It provides an overview of corporate social responsibility, sets out a six-stage implementation framework, and looks at the integral role of stakeholders in effective corporate social responsibility.
590 |a06-19|b2006-05-12
69007|aCorporate image|2gcpds
69007|aSocial issues|2gcpds
69007|aEthics|2gcpds
77508|tResponsabilité sociale des entreprises : |w(CaOODSP)9.632622
7760#|tCorporate social responsibility : |w(CaOODSP)9.650119
85640|ahttp://publications.gc.ca|qPDF|s1201 KB|uhttps://publications.gc.ca/collections/Collection/Iu23-12-2006E.pdf